El entrenamiento autógeno (Record no. 140175)

MARC details
000 -LEADER
campo de control de longitud fija 00733nam a2200181 4500
001 - NÚMERO DE CONTROL
campo de control 140175
003 - IDENTIFICADOR DE NÚMERO DE CONTROL
campo de control ES-MaACL
007 - CAMPO FIJO DE DESCRIPCIÓN FÍSICA--INFORMACIÓN GENERAL
campo de control de longitud fija t|
008 - DATOS DE LONGITUD FIJA--INFORMACIÓN GENERAL
campo de control de longitud fija 070214s1954 sp r ||||1| spa d
100 1# - ENTRADA PRINCIPAL--NOMBRE DE PERSONA
Nombre de persona Schultz, J. H.
9 (RLIN) 104775
245 13 - MENCIÓN DEL TÍTULO
Título El entrenamiento autógeno
Resto del título : (autorrelajación concentrativa) : exposición clínico-práctica /
Mención de responsabilidad, etc. J. H. Schultz.
250 ## - MENCION DE EDICION
Mención de edición 1ª ed. española traducida de la 8ª edición, corregida y aumentada alemana
Resto de la mención de edición por los Doctores Enrique Low-Maus y Domingo Saumench Gimeno.
260 ## - PUBLICACIÓN, DISTRIBUCIÓN, ETC.
Lugar de publicación, distribución, etc. Barcelona :
Nombre del editor, distribuidor, etc. Científico Médica,
Fecha de publicación, distribución, etc. 1954.
300 ## - DESCRIPCIÓN FÍSICA
Extensión XVI, 354 p. :
Otras características físicas il. ;
Dimensiones 25 cm.
700 1# - ENTRADA AGREGADA--NOMBRE PERSONAL
Nombre de persona Low-Maus, Enrique.
9 (RLIN) 74370
700 1# - ENTRADA AGREGADA--NOMBRE PERSONAL
Nombre de persona Saumench Gimeno, Domingo.
9 (RLIN) 103980
852 ## - LOCALIZACIÓN
Ubicación ES-MaACL
Número de control de estantería C-7109
Sublocalización o colección R.36021
Holdings
Estatus retirado Estado de pérdida Estado de daño No para préstamo Biblioteca de origen Biblioteca actual Ubicación en estantería Fecha de adquisición Fuente de adquisición Total de préstamos Signatura topográfica completa Código de barras Visto por última vez Precio de reemplazo Tipo de ítem Koha
        Biblioteca del Ateneo de Madrid Biblioteca del Ateneo de Madrid Sala Palomar 17/01/2008     C-7109 1145871 23/02/2023 23/02/2023 Libro impreso